000 01188nam0a22002771 4500
001 rc\803313
005 20041129090836.7
035 _a(NLR Aleph) 005987394
090 _a7091919
_c7091919
100 _a20041129d1984 u |0rusy50 ca
101 0 _arus
102 _aRU
105 _aa |||||||||
200 1 _aАСНИ Карельского филиала АН СССР
_eПрепр. докл. на заседании Президиума... (13 нояб. 1984 г.)
_fВ.А. Лебедев, А.Д. Сорокин, Г.А. Борисов
210 _aПетрозаводск
_cКарел. фил. АН СССР
_d1984
215 _a19 с.
_cил.
_d20
300 _aВ надзаг.: Карел. фил. АН СССР, Отд. мат. методов автоматизации науч. исслед. и проектирования
320 _aБиблиогр.: с. 19
700 1 _aЛебедев
_bВ. А.
_gВиктор Алексеевич
701 1 _aСорокин
_bА. Д.
701 1 _aБорисов
_bГ. А.
_gГеоргий Александрович
801 0 _aRU
_bNLR
_gpsbo
801 1 _aRU
_bELAR
_2rusmarc
852 _aNLR
_j85-4/7573
942 _cBOOK
980 _aNB